1859 1267 1722 1737 1360 1091 1681 1729 1406 1275 1715 1267 1462 1493 1581 1109 1800 1379 1548 1641 1577 1842 1335 1588 1523 1958 1475 1390 1219 1536 1606 1240 1021 1926 1735 1477 1300 1570 1889 1377 1022 1649 1560 1433 1924 1580 1615 1934 1440 1204 1426 1486 2000 1362 1215 1298 1074 1735 1988 1413 1137 1439 1814 1388 1231 1428 1273 1384 1971 1159 1486 1424 1406 1194 1326 1304 1601 1216 1115 1668 1196 1003 1010 1742 1134 1167 1360 1181 1750 1159 1984 1540 1206 2000 1361 1668 1763 1027 1059 BCNSPRNW ULIB Ver.6.0+V

เปลี่ยนเป็นภาษาไทย

Change to English
 แสดงรายละเอียดบรรณานุกรม
  กลับหน้าหลัก

Brief Record : Get Marc (ISO 2709) : E-mail record : QR code < ปิดหน้าต่าง
LEADER : 00000nam 2200000uu 4500
001    13399129203
003     ULIB
008    260511s2568||||th 000 0 tha d
020    ^a9786166035629
060  0 ^aWY160^bว448ส
100 0  ^aวัลลภา อันดารา.
245 1  ^aสัมพันธภาพและการสื่อสารระหว่างพยาบาลกับผู้ป่วยจิตเวช /^cวัลลภา อันดารา.
246 3  ^aความท้าทายสำหรับพยาบาลจิตเวช
250    ^aพิมพ์ครั้งที่ 2.
260    ^aกรุงเทพฯ :^bซี.ที.เค. พริ้นท์ติ้ง,^c2568
300    ^a206 หน้า :^bภาพประกอบ.
505 0  ^aบทที่ 1 สัมพันธภาพเพื่อการบำบัด -- บทที่ 2 ระยะของสัมพันธภาพเพื่อการบำบัด -- บทที่ 3 ปัญหาการสร้างสัมพันธภาพเพื่อการบำบัดและการแก้ไข -- บทที่ 4 ลักษณะผู้ป่วยที่เหมาะสมในการสร้างสัมพันธภาพเพื่อการบำบัด -- บทที่ 5 การติดต่อสื่อสารและปัจจัยที่มีผลต่อการสื่อสารเพื่อการบำบัด -- บทที่ 6 การสื่อสารเพื่อการบำบัด -- บทที่ 7 การสื่อสารที่ไม่ใช่การบำบัดและการสื่อสารที่เป็นอุปสรรคต่อการสร้างสัมพันธภาพเพื่อการบำบัด -- บทที่ 8 การบันทึกปฏิสัมพันธ์ -- บทที่ 9 การสื่อสารกับผู้ป่วยจิตเวชและครอบครัว.
505 0  ^aสารบัญ : บทที่ 1 สัมพันธภาพเพื่อการบำบัด -- บทที่ 2 ระยะของสัมพันธภาพเพื่อการบำบัด -- บทที่ 3 ปัญหาการสร้างสัมพันธภาพเพื่อการบำบัดและการแก้ไข -- บทที่ 4 ลักษณะผู้ป่วยที่เหมาะสมในการสร้างสัมพันธภาพเพื่อการบำบัด -- บทที่ 5 การติดต่อสื่อสารและปัจจัยที่มีผลต่อการสื่อสารเพื่อการบำบัด -- บทที่ 6 การสื่อสารเพื่อการบำบัด -- บทที่ 7 การสื่อสารที่ไม่ใช่การบำบัดและการสื่อสารที่เป็นอุปสรรคต่อการสร้างสัมพันธภาพเพื่อการบำบัด -- บทที่ 8 การบันทึกปฏิสัมพันธ์ -- บทที่ 9 การสื่อสารกับผู้ป่วยจิตเวชและครอบครัว
505 2  ^aสัมพันธภาพเพื่อการบำบัด -- ระยะของสัมพันธภาพเพื่อการบำบัด -- ปัญหาการสร้างสัมพันธภาพเพื่อการบำบัดและการแก้ไข -- ลักษณะผู้ป่วยที่เหมาะสมในการสร้างสัมพันธภาพเพื่อการบำบัด -- การติดต่อสื่อสารและปัจจัยที่มีผลต่อการสื่อสารเพื่อการบำบัด -- การสื่อสารเพื่อการบำบัด -- การสื่อสารที่ไม่ใช่การบำบัดและการสื่อสารที่เป็นอุปสรรคต่อการสร้างสัมพันธภาพเพื่อการบำบัด -- การบันทึกปฏิสัมพันธ์ -- การสื่อสารกับผู้ป่วยจิตเวชและครอบครัว.
610    ^aการพยาบาลสุขภาพจิตและจิตเวช.
650  4 ^aการบำบัด
650  4 ^aการพยาบาล^xจิตวิทยา.
650  4 ^aการพยาบาลจิตเวชศาสตร์.
650  4 ^aการสื่อสารทางการพยาบาล.
650  4 ^aการสื่อสารในจิตเวช
650  4 ^aการสื่อสารในจิตเวชศาสตร์.
650  4 ^aการสื่อสารระหว่างบุคคล^xแง่จิตวิทยา.
650  4 ^aเขตพัฒนาพิเศษภาคตะวันออก (อีอีซี).
650  4 ^aบันทึกการพยาบาล.
650  4 ^aผู้ป่วยจิตเวช.
650  4 ^aผู้ป่วยจิตเวช^xการดูแล.
650  4 ^aพยาบาลกับผู้ป่วย
650  4 ^aสัมพันธภาพ.
650  4 ^aสัมพันธภาพระหว่างพยาบาลกับผู้ป่วย.
650  4 ^aสุขภาพจิต^xการพยาบาล
650  4 ^aอุตสาหกรรมการแพทย์ครบวงจร.
650  7 ^aจิตบำบัด
655  4 ^aHealth Sciences Branch.
695    ^aHealth Sciences.
710 2  ^aวิทยาลัยพยาบาลทหารอากาศ.
999    ^aประนอม เกษจรัล
รายการนี้ยังไม่มีแท็ก
คุณยังไม่ได้ล็อกอิน คุณสามารถมีกิจกรรมร่วมกับเว็บไซต์ได้ แต่ต้องล็อกอินก่อน ::
  ล็อกอิน

รายการสื่อสารสนเทศ

ลำดับที่ ประเภท เลขเรียก/บาร์โค้ด สถานที่ สถานะ
1. Book การพยาบาล
หนังสือสำรอง
สถานะ=หนังสือสำรอง
WY160 ว448ส ฉ.1 
  Barcode: 012148
ห้องสมุดวิทยาเขตสวรรค์ประชารักษ์
►หนังสือทั่วไป
บนชั้น
2. Book การพยาบาล
Book การพยาบาล
WY160 ว448ส ฉ.2 
  Barcode: 012149
ห้องสมุดวิทยาเขตสวรรค์ประชารักษ์
►หนังสือทั่วไป
บนชั้น
3. Book การพยาบาล
Book การพยาบาล
WY160 ว448ส ฉ.3 
  Barcode: 012150
ห้องสมุดวิทยาเขตสวรรค์ประชารักษ์
►หนังสือทั่วไป
บนชั้น
4. Book การพยาบาล
Book การพยาบาล
WY160 ว448ส ฉ.4 
  Barcode: 012151
ห้องสมุดวิทยาเขตสวรรค์ประชารักษ์
►หนังสือทั่วไป
บนชั้น
5. Book การพยาบาล
Book การพยาบาล
WY160 ว448ส ฉ.5 
  Barcode: 012152
ห้องสมุดวิทยาเขตสวรรค์ประชารักษ์
►หนังสือทั่วไป
บนชั้น

รายการใกล้เคียง
    หัวเรื่อง [การบำบัด]
    หัวเรื่อง [การพยาบาลจิตเวชศาสตร์.]
    หัวเรื่อง [เขตพัฒนาพิเศษภาคตะวันออก (อีอีซี).]
    หัวเรื่อง [ผู้ป่วยจิตเวช การดูแล.]
    หัวเรื่อง [พยาบาลกับผู้ป่วย]
    หัวเรื่อง [อุตสาหกรรมการแพทย์ครบวงจร.]
    หัวเรื่อง [จิตบำบัด]

BibComment


ยังไม่เคยถูกคอมเมนท์

คอมเมนท์ทรัพยากรรายการนี้
  คอมเมนท์: สัมพันธภาพและการ..


 Copyright 2026. Bcnsprnw @Library